| 000 | 00729nam a2200181Ia 4500 | ||
|---|---|---|---|
| 003 | GCL | ||
| 008 | 140319s9999 xx 000 0 ara d | ||
| 040 |
_aGCL / _cGCL |
||
| 082 | 0 | 4 |
_a027.4 _bم م |
| 245 | 1 | 0 |
_aملف مكتبة الاسكندرية : _bفى الفترة من 21 يناير 1924 - الى 28 اغسطس 1993 |
| 260 |
_aالقاهرة : _bمركز الاهرام للتنظيم وتكنولوجيا المعلومات ، _c2003 |
||
| 300 |
_a234 ص ؛ _c40 سم |
||
| 650 | 0 | 4 | _aمكتبة الاسكندرية القديمة |
| 650 | 0 | 4 | _aالمكتبات العامة - مصر |
| 650 | 0 | 4 | _aالمكتبات - الاسكندرية |
| 650 | 0 | 4 | _aمكتبة الاسكندرية الجديدة |
| 942 |
_2ddc _cBK |
||
| 999 |
_c5678 _d5678 |
||